000 00477cem a2200145 4500
020 _a9004102388 (cloth : alk. paper)
041 _aENG
082 0 0 _a911.59
_bPLU
100 1 _aPluvier, Jan M.
245 1 0 _aHistorical atlas of South-East Asia
260 _aNew York :
_bE.J. Brill,
_c1995.
300 _a1 atlas (83, 64 p.) :
_bcol. maps ;
490 1 _aHandbuch der Orientalistik. Dritte Abteilung, Südöstasien,
_aHandbook of oriental studies. South-East Asia
942 _cBK
999 _c23372
_d23372